Statistics for Countries visited by the Simpsons

Click here to take the quiz!

General Stats

  • This quiz has been taken 90 times
  • The average score is 9 of 12

Answer Stats

HintAnswer% Correct
Bart goes on an exchange to this country and works for some crooks who put antifreeze in wineFrance
94%
Homer goads to this country that "Our Beatles are way better than your Rolling Stones!"United Kingdom
92%
Homer goes with Apu to this country to the Kwik E mart head officesIndia
91%
The Simpsons go to this country and end up on a painful gameshowJapan
88%
The Simpsons take Selma to this country to adopt a childChina
85%
Bart causes a bullfrog epidemic in this countryAustralia
83%
Homer, Grandpa, Apu & Flanders go to this country to smuggle cheap prescription drugsCanada
81%
The Simpsons go to this country to find a missing orphan that Lisa sponsorsBrazil
76%
Krusty takes the children to this country after their appalling stay at Kamp KrustyMexico
63%
Homer, Mr Burns & Smithers lose a trillion dollar bill in this countryCuba
63%
The Simpsons win a trip here when Homer finds a golden giraffe in a box of 30 year old crackersTanzania
51%
Homer obtains a cursed monkey paw in this countryMorocco
42%

Score Distribution

Percentile by Number Answered

Percent of People with Each Score

Your Score History

You have not taken this quiz